[Event "PRVA LIGA CENTRALNE SRBIJE 2015"]
[Site "Kragujevac"]
[Date "2015.09.08"]
[Round "5.6"]
[White "Todorovic, Nenad I"]
[Black "Milenkovic, Mladen"]
[Result "0-1"]
[WhiteElo "2197"]
[BlackElo "2317"]
[PlyCount "108"]
[EventDate "2015.09.05"]

1. e4 c5 2. Nf3 d6 3. d4 cxd4 4. Nxd4 Nf6 5. Nc3 a6 6. Be3 e5 7. Nb3 Be6 8. f3
Be7 9. Qd2 Nbd7 10. g4 b5 11. O-O-O O-O 12. g5 Nh5 13. Rg1 Nb6 14. Nd5 Nxd5 15.
exd5 Bd7 16. Na5 Qc7 17. Kb1 Kh8 18. c4 bxc4 19. Bxc4 f5 20. gxf6 Bf5+ 21. Ka1
Bxf6 22. Nc6 g6 23. Rc1 Qb7 24. Rc3 Nf4 25. Rb3 Qg7 26. Ra3 Qb7 27. Rb3 Qg7 28.
Ra3 Qb7 29. Rb3 Qf7 30. Bxf4 exf4 31. Nd4 Be5 32. Ne6 Bxe6 33. dxe6 Qa7 34. Rd1
a5 35. a4 Rab8 36. Qd5 Rxb3 37. Bxb3 Rc8 38. h4 Qf2 39. Rd2 Qxh4 40. Ka2 Qd8
41. Re2 Kg7 42. Rxe5 dxe5 43. Qxe5+ Qf6 44. Qxa5 h5 45. Qb6 Qe5 46. Qb7+ Rc7
47. Qb8 h4 48. Qd8 h3 49. Qh4 Rb7 50. Qxh3 Qe3 51. Bd5 Rb4 52. b3 Rd4 53. Be4
Rd2+ 54. Ka3 Qc5+ 0-1

[Event "PRVA LIGA CENTRALNE SRBIJE 2015"]
[Site "Kragujevac"]
[Date "2015.09.08"]
[Round "5.6"]
[White "Dudukovic, Nikola"]
[Black "Grkovic, Vladan"]
[Result "1-0"]
[WhiteElo "2357"]
[BlackElo "2167"]
[PlyCount "41"]
[EventDate "2015.09.05"]

1. Nf3 Nf6 2. g3 b6 3. Bg2 Bb7 4. O-O e6 5. c4 c5 6. Nc3 Be7 7. d4 O-O 8. d5
exd5 9. Nh4 Re8 10. Nf5 Bf8 11. Bg5 Re5 12. Nxd5 Bxd5 13. Bxd5 Nc6 14. Bxc6
dxc6 15. Qxd8 Rxd8 16. Nh6+ gxh6 17. Bxf6 Rde8 18. Bxe5 Rxe5 19. e3 b5 20. Rac1
a5 21. Rfd1 1-0

[Event "PRVA LIGA CENTRALNE SRBIJE 2015"]
[Site "Kragujevac"]
[Date "2015.09.08"]
[Round "5.6"]
[White "Ostojic, Nikola M"]
[Black "Organdziev, Oliver"]
[Result "1/2-1/2"]
[WhiteElo "2043"]
[BlackElo "2307"]
[PlyCount "26"]
[EventDate "2015.09.05"]

1. d4 d5 2. c4 Bf5 3. cxd5 Bxb1 4. Qa4+ c6 5. dxc6 Nxc6 6. Rxb1 e5 7. Bd2 exd4
8. g3 Qd5 9. Nf3 g6 10. Bg2 Bg7 11. O-O Nge7 12. b4 b5 13. Qa6 Nb8 1/2-1/2